000 00464nam a22001697a 4500
005 20240409053434.0
008 240409b |||||||| |||| 00| 0 eng d
022 _a0258249X
041 _aEnglish
082 _a349 IND
100 _lEnglish
245 _aIndustrial Law Journal
260 _aCape Town:
_bJuta and Company Ltd,
_c2008
300 _bvi, 245 pages;
_c25 cm.
650 _aLegal practice
_bLaw
942 _cBK
_6ALISON_BN_VRIES
999 _c1491
_d1491